000 01966cam a22004334i 4500
003 PE-LiUPU
005 20250731183439.0
008 150706s r 000 0 d
020 _a9709726048
035 _a(Sirsi) i9789709726046
040 _aPE-LiUPU
_bspa
_cPE-LiUPU
_erda
049 _aPRUA
082 0 4 _a747.852
_bE8
_221
245 0 1 _aEspacios en arquitectura :
_boficinas, restaurantes, espacios comerciales.VI /
_cedicion, Fernando de Haro, Omar Fuentes ; traduccion, Dave Galasso.
264 1 _aMéxico, D.F. :
_bArquitectos Mexicanos,
_c2004.
300 _a162 páginas :
_bilustraciones ;
_c29 cm.
336 _atext
_2rdacontent
337 _aunmediated
_2rdamedia
338 _avolume
_2rdacarrier
500 _aParalelo texto español e Inglés.
505 0 _aArquitectos -- Abax arquitectos -- Arco arquitectura contemporánea -- Arquitectum -- Broid -- C'Cúbica arquitectos -- Gómez Crespo + Franco Arquitectos -- Grupo architech -- Grupo arquitectoma -- Nogal arquitectos + Parrued Diseño -- Pascal arquitectos -- Sordo Madaleno arquitectos -- Space -- Stor international.
526 _aP158
526 _aP146
526 _aP17
526 _aP12
526 _aP06
541 _g015-0015390;
650 0 4 _aArquitectura moderna
_ySiglo XX
_zMéxico.
650 0 4 _aArquitectura
_zMéxico
700 1 _aHaro Lebrija, Fernando de,
_eed.
700 1 _aFuentes Elizondo, Omar,
_eed.
700 1 _aGalasso, Dave,
_etr.
910 _cbd
_d20130612
942 _2ddc
_cBOOK
949 _a747.852 E8 6
_wDEWEY
_c1
_i67512
_lCCODEBUL1
_mBUL
_p56.00
_r0
_sY
_tBOOK
_u2015-7-6
_xINGENIERIA
_PP06
_o.STAFF. Colección General
994 _aC0
_bPEPRU
596 _a1
999 _a747.852 E8 6
_wDEWEY
_c55143
_i67512
_d55143
_e2016-11-30
_f2021-11-10
_g7
_lCCODEBUL1
_mBUL
_n2
_p56.00
_q4
_r0
_sY
_tBOOK
_u2015-7-6
_xINGENIERIA
_PP06
_o.STAFF. Colección General
980 _81
_gALBERTO SANCHEZ Responsable de Automatización